000 00624nam a2200253Ia 4500
005 20260121154854.0
008 008 260114s9999 xx 000 0 eng d
020 _a9781315451176
037 _aEBOOK
040 _aCRL
040 _beng
040 _cCRL
041 _2eng
041 _aeng
084 _qCRL
100 _a Yasmine J. Awais; Daniel Blausey
_91012535
245 0 _aFoundations of Art Therapy Supervision
260 _bTaylor and Francis
260 _c2021
856 _uhttp://www.taylorfrancis.com/books/9781315451176
942 _cEBOOK
999 _c1579354
_d1579354